000 00976nam a2200241Ia 4500
001 15725
003 GE_BSU
008 181216s||||||||xx |||||||||||||| ||und||
040 _cGE_BSU
080 _a821.353.1-92
100 _aწერეთელი, ა.
245 _aთხზულებათა სრული კრებული : 15 ტომად. ტ.13
245 _bპუბლიცისტური წერილები, 1890-1900
245 _cრედ.: გ. აბზიანიძე.მხ. დ. და ვლ.ქუთათელაძეები
260 _aთბილისი
260 _bსაბჭ. საქართველო
260 _c1961
300 _a578 გვ.20 სმ
300 _eშენიშვნები გვ.543-575
653 _aთხზულებათა სრული კრებული
653 _aპუბლიცისტური წერილები
942 _cBK
999 _c48823
_d48823